Explosives engineering / (Record no. 561951)
[ view plain ]
| 000 -LEADER | |
|---|---|
| fixed length control field | 00430nam a2200145Ia 4500 |
| 008 - FIXED-LENGTH DATA ELEMENTS--GENERAL INFORMATION | |
| fixed length control field | 210430s9999 xx 000 0 und d |
| 020 ## - INTERNATIONAL STANDARD BOOK NUMBER | |
| International Standard Book Number | 978-0471186366 |
| 082 ## - DEWEY DECIMAL CLASSIFICATION NUMBER | |
| Classification number | 662.2 C769 E |
| 100 ## - MAIN ENTRY--PERSONAL NAME | |
| Personal name | Cooper, Paul. |
| 245 ## - TITLE STATEMENT | |
| Title | Explosives engineering / |
| Statement of responsibility, etc. | Cooper, Paul. |
| 260 ## - PUBLICATION, DISTRIBUTION, ETC. | |
| Place of publication, distribution, etc. | [S.l.] : |
| Name of publisher, distributor, etc. | Wiley-VCH, |
| Date of publication, distribution, etc. | 1996 |
| 300 ## - PHYSICAL DESCRIPTION | |
| Extent | 480 p. ; |
| 856 ## - ELECTRONIC LOCATION AND ACCESS | |
| Uniform Resource Identifier | <a href="http://www.amazon.com/exec/obidos/ASIN/0471186368/chopaconline-20">http://www.amazon.com/exec/obidos/ASIN/0471186368/chopaconline-20</a> |
| 942 ## - ADDED ENTRY ELEMENTS (KOHA) | |
| Koha item type | Book |
| Source of classification or shelving scheme | |
| Withdrawn status | Lost status | Damaged status | Not for loan | Collection code | Permanent Location | Current Location | Shelving location | Date acquired | Total Checkouts | Full call number | Barcode | Date last seen | Price effective from | Koha item type |
|---|---|---|---|---|---|---|---|---|---|---|---|---|---|---|
| School of Chemical & Materials Engineering (SCME) | School of Chemical & Materials Engineering (SCME) | General Stacks | 02/11/6 | 662.2 C769 E | SCME-809 | 04/30/2021 | 04/30/2021 | Book |
